000 00431nam a2200169Ia 4500
003 LK-CoDNM
008 010623t1961 xxu||||| |||| 00| 1 sin d
040 _aLK-CoDNM
_dLK-CoDNM
_eLK-CoDNM
041 _asin
080 _a8S-119 GUN
100 _aGunasinghe, Siri
245 _aමස් ලේ නැති ඇට
246 _aMas Lae Nethi Aeta
260 _bSaman
_aMaharagama
_c1961
300 _b72p., 18 cm
942 _cBK
999 _c105744
_d105744